<?xml version="1.0" encoding="UTF-8"?>
<record
    xmlns:xsi="http://www.w3.org/2001/XMLSchema-instance"
    xsi:schemaLocation="http://www.loc.gov/MARC21/slim http://www.loc.gov/standards/marcxml/schema/MARC21slim.xsd"
    xmlns="http://www.loc.gov/MARC21/slim">

  <leader>00511nam a22001937a 4500</leader>
  <controlfield tag="005">20201125111901.0</controlfield>
  <controlfield tag="008">201125b           ||||| |||| 00| 0 eng d</controlfield>
  <datafield tag="020" ind1=" " ind2=" ">
    <subfield code="a">9788194338338</subfield>
  </datafield>
  <datafield tag="040" ind1=" " ind2=" ">
    <subfield code="c">OCLC</subfield>
  </datafield>
  <datafield tag="082" ind1=" " ind2=" ">
    <subfield code="a">327.101</subfield>
    <subfield code="b">DAS</subfield>
  </datafield>
  <datafield tag="100" ind1=" " ind2=" ">
    <subfield code="a">DAS, DR. DIPEN</subfield>
    <subfield code="e">AUTHOR</subfield>
  </datafield>
  <datafield tag="245" ind1=" " ind2=" ">
    <subfield code="a">PARISALANA : BISHAY ARU PRATYAHBANSAMUH</subfield>
  </datafield>
  <datafield tag="250" ind1=" " ind2=" ">
    <subfield code="a">1ST</subfield>
  </datafield>
  <datafield tag="260" ind1=" " ind2=" ">
    <subfield code="a">DIBRUGARH</subfield>
    <subfield code="b">BANALATA</subfield>
    <subfield code="c">JUN 2020</subfield>
  </datafield>
  <datafield tag="300" ind1=" " ind2=" ">
    <subfield code="a">342P;</subfield>
    <subfield code="c">21CM</subfield>
  </datafield>
  <datafield tag="700" ind1="1" ind2=" ">
    <subfield code="a">DAS, BAIKUNTHA</subfield>
    <subfield code="e">AUTHOR</subfield>
  </datafield>
  <datafield tag="700" ind1="1" ind2=" ">
    <subfield code="a">BISWAS, DHANANJAI</subfield>
    <subfield code="e">AUTHOR</subfield>
  </datafield>
  <datafield tag="942" ind1=" " ind2=" ">
    <subfield code="2">ddc</subfield>
    <subfield code="c">BK</subfield>
  </datafield>
  <datafield tag="999" ind1=" " ind2=" ">
    <subfield code="c">24436</subfield>
    <subfield code="d">24436</subfield>
  </datafield>
  <datafield tag="952" ind1=" " ind2=" ">
    <subfield code="0">0</subfield>
    <subfield code="1">0</subfield>
    <subfield code="2">ddc</subfield>
    <subfield code="4">0</subfield>
    <subfield code="7">0</subfield>
    <subfield code="8">TBPSC</subfield>
    <subfield code="a">MAIN</subfield>
    <subfield code="b">MAIN</subfield>
    <subfield code="c">PS#</subfield>
    <subfield code="d">2020-02-29</subfield>
    <subfield code="g">320.00</subfield>
    <subfield code="l">6</subfield>
    <subfield code="o">327.101 DAS</subfield>
    <subfield code="p">43851</subfield>
    <subfield code="q">2026-06-13</subfield>
    <subfield code="r">2026-05-30 11:52:25</subfield>
    <subfield code="s">2026-05-30</subfield>
    <subfield code="w">2020-11-25</subfield>
    <subfield code="y">BK</subfield>
    <subfield code="z">V</subfield>
  </datafield>
  <datafield tag="952" ind1=" " ind2=" ">
    <subfield code="0">0</subfield>
    <subfield code="1">0</subfield>
    <subfield code="2">ddc</subfield>
    <subfield code="4">0</subfield>
    <subfield code="7">0</subfield>
    <subfield code="8">TBPSC</subfield>
    <subfield code="a">MAIN</subfield>
    <subfield code="b">MAIN</subfield>
    <subfield code="c">PS#</subfield>
    <subfield code="d">2020-02-29</subfield>
    <subfield code="g">320.00</subfield>
    <subfield code="l">9</subfield>
    <subfield code="m">1</subfield>
    <subfield code="o">327.101 DAS</subfield>
    <subfield code="p">43852</subfield>
    <subfield code="r">2026-06-04 12:13:52</subfield>
    <subfield code="s">2026-05-07</subfield>
    <subfield code="w">2020-11-25</subfield>
    <subfield code="y">BK</subfield>
    <subfield code="z">V</subfield>
  </datafield>
  <datafield tag="952" ind1=" " ind2=" ">
    <subfield code="0">0</subfield>
    <subfield code="1">0</subfield>
    <subfield code="2">ddc</subfield>
    <subfield code="4">0</subfield>
    <subfield code="7">0</subfield>
    <subfield code="8">TBPSC</subfield>
    <subfield code="a">MAIN</subfield>
    <subfield code="b">MAIN</subfield>
    <subfield code="c">PS#</subfield>
    <subfield code="d">2020-02-29</subfield>
    <subfield code="g">320.00</subfield>
    <subfield code="l">8</subfield>
    <subfield code="m">1</subfield>
    <subfield code="o">327.101 DAS</subfield>
    <subfield code="p">43853</subfield>
    <subfield code="q">2026-06-04</subfield>
    <subfield code="r">2026-05-21 12:17:26</subfield>
    <subfield code="s">2026-05-21</subfield>
    <subfield code="w">2020-11-25</subfield>
    <subfield code="y">BK</subfield>
    <subfield code="z">V</subfield>
  </datafield>
  <datafield tag="952" ind1=" " ind2=" ">
    <subfield code="0">0</subfield>
    <subfield code="1">0</subfield>
    <subfield code="2">ddc</subfield>
    <subfield code="4">0</subfield>
    <subfield code="7">0</subfield>
    <subfield code="8">TBPSC</subfield>
    <subfield code="a">MAIN</subfield>
    <subfield code="b">MAIN</subfield>
    <subfield code="c">PS#</subfield>
    <subfield code="d">2020-02-29</subfield>
    <subfield code="g">320.00</subfield>
    <subfield code="l">8</subfield>
    <subfield code="o">327.101 DAS</subfield>
    <subfield code="p">43854</subfield>
    <subfield code="r">2026-04-28 07:55:08</subfield>
    <subfield code="s">2026-04-01</subfield>
    <subfield code="w">2020-11-25</subfield>
    <subfield code="y">BK</subfield>
    <subfield code="z">V</subfield>
  </datafield>
  <datafield tag="952" ind1=" " ind2=" ">
    <subfield code="0">0</subfield>
    <subfield code="1">0</subfield>
    <subfield code="2">ddc</subfield>
    <subfield code="4">0</subfield>
    <subfield code="7">0</subfield>
    <subfield code="8">TBPSC</subfield>
    <subfield code="a">MAIN</subfield>
    <subfield code="b">MAIN</subfield>
    <subfield code="c">PS#</subfield>
    <subfield code="d">2020-02-29</subfield>
    <subfield code="g">320.00</subfield>
    <subfield code="l">7</subfield>
    <subfield code="o">327.101 DAS</subfield>
    <subfield code="p">43855</subfield>
    <subfield code="r">2026-04-06 09:37:19</subfield>
    <subfield code="s">2026-03-23</subfield>
    <subfield code="w">2020-11-25</subfield>
    <subfield code="y">BK</subfield>
    <subfield code="z">V</subfield>
  </datafield>
</record>
